Psicología experimental / (Record no. 89573)

MARC details
000 -LEADER
campo de control de longitud fija 00839nam a2200205 i 4500
001 - NÚMERO DE CONTROL
campo de control 89573
003 - IDENTIFICADOR DE NÚMERO DE CONTROL
campo de control ES-MaACL
007 - CAMPO FIJO DE DESCRIPCIÓN FÍSICA--INFORMACIÓN GENERAL
campo de control de longitud fija t|
008 - DATOS DE LONGITUD FIJA--INFORMACIÓN GENERAL
campo de control de longitud fija 050111s1924 sp ||||1| spa d
100 1# - ENTRADA PRINCIPAL--NOMBRE DE PERSONA
Nombre de persona La Vaissière, Jules de.
9 (RLIN) 69186
245 10 - MENCIÓN DEL TÍTULO
Título Psicología experimental /
Mención de responsabilidad, etc. obra compuesta por Julio de la Vaissière ; segunda edición de la versión castellana, con lo añadido a la italiana por F. Gaetani ; refundida, corregida y nuevamente aumentada con notas y adiciones por Fernando Mª Palmés.
260 ## - PUBLICACIÓN, DISTRIBUCIÓN, ETC.
Lugar de publicación, distribución, etc. Barcelona :
Nombre del editor, distribuidor, etc. Eugenio Subirana,
Fecha de publicación, distribución, etc. 1924.
300 ## - DESCRIPCIÓN FÍSICA
Extensión XXVII, 627 p. ;
Dimensiones 22 cm.
490 1# - MENCIÓN DE SERIE
Mención de serie Biblioteca psicológico-pedagógica
700 1# - ENTRADA AGREGADA--NOMBRE PERSONAL
Nombre de persona Gaetani, F.
9 (RLIN) 53207
700 1# - ENTRADA AGREGADA--NOMBRE PERSONAL
Nombre de persona Palmés, Fernando María.
9 (RLIN) 88649
830 0# - PUNTO DE ACCESO ADICIONAL DE SERIE-TÍTULO UNIFORME
Título uniforme Biblioteca psicológico-pedagógica
9 (RLIN) 231896
852 ## - LOCALIZACIÓN
Ubicación ES-MaACL
Número de control de estantería B-3500
Holdings
Estatus retirado Estado de pérdida Estado de daño No para préstamo Biblioteca de origen Biblioteca actual Ubicación en estantería Fecha de adquisición Fuente de adquisición Total de préstamos Signatura topográfica completa Código de barras Visto por última vez Precio de reemplazo Tipo de ítem Koha
        Biblioteca del Ateneo de Madrid Biblioteca del Ateneo de Madrid Sala Pardo Bazán 17/01/2008     B-3500 1093547 23/02/2023 23/02/2023 Libro impreso